<?xml version="1.0" encoding="UTF-8"?>
<record
    xmlns:xsi="http://www.w3.org/2001/XMLSchema-instance"
    xsi:schemaLocation="http://www.loc.gov/MARC21/slim http://www.loc.gov/standards/marcxml/schema/MARC21slim.xsd"
    xmlns="http://www.loc.gov/MARC21/slim">

  <leader>00895nam a2200205Ia 4500</leader>
  <controlfield tag="003">IN-BaIIA</controlfield>
  <controlfield tag="008">211028s9999    xx            000 0 eng d</controlfield>
  <datafield tag="020" ind1=" " ind2=" ">
    <subfield code="a">0-521-59065-5</subfield>
  </datafield>
  <datafield tag="040" ind1=" " ind2=" ">
    <subfield code="c">IIA Library</subfield>
  </datafield>
  <datafield tag="080" ind1=" " ind2=" ">
    <subfield code="a">524.834(082.1)</subfield>
    <subfield code="b">REL</subfield>
  </datafield>
  <datafield tag="111" ind1=" " ind2=" ">
    <subfield code="a">Les Houches School of Physics</subfield>
    <subfield code="c">Haute Savoie</subfield>
    <subfield code="d">1995 Sept. 26 - Oct. 6</subfield>
    <subfield code="9">21366</subfield>
  </datafield>
  <datafield tag="245" ind1=" " ind2="0">
    <subfield code="a">Relativistic gravitation and gravitational radiation</subfield>
    <subfield code="b">proceedings of the Les Houches school of physics held in Les Houches, Haute Savoie, 26 September - 6 October 1995</subfield>
    <subfield code="c">edited by J. A. Marck and J. P. Lasota                                                 </subfield>
  </datafield>
  <datafield tag="260" ind1=" " ind2=" ">
    <subfield code="a">Cambridge</subfield>
    <subfield code="b">Cambridge University Press</subfield>
    <subfield code="c">1997</subfield>
  </datafield>
  <datafield tag="300" ind1=" " ind2=" ">
    <subfield code="a">xv, 475p.</subfield>
  </datafield>
  <datafield tag="490" ind1=" " ind2=" ">
    <subfield code="a">Cambridge contemporary astrophysics</subfield>
  </datafield>
  <datafield tag="650" ind1=" " ind2=" ">
    <subfield code="a">Gravitation, Radiation, Relativistic gravity</subfield>
    <subfield code="9">21367</subfield>
  </datafield>
  <datafield tag="700" ind1=" " ind2=" ">
    <subfield code="a">Lasota, J. P., ed.</subfield>
    <subfield code="9">17267</subfield>
  </datafield>
  <datafield tag="700" ind1=" " ind2=" ">
    <subfield code="a">Marck, J. A., ed.</subfield>
    <subfield code="9">21368</subfield>
  </datafield>
  <datafield tag="942" ind1=" " ind2=" ">
    <subfield code="c">BK</subfield>
  </datafield>
  <datafield tag="999" ind1=" " ind2=" ">
    <subfield code="c">12225</subfield>
    <subfield code="d">12225</subfield>
  </datafield>
  <datafield tag="952" ind1=" " ind2=" ">
    <subfield code="0">0</subfield>
    <subfield code="1">0</subfield>
    <subfield code="4">0</subfield>
    <subfield code="7">0</subfield>
    <subfield code="a">BAN</subfield>
    <subfield code="b">BAN</subfield>
    <subfield code="c">GEN</subfield>
    <subfield code="d">1997-09-12</subfield>
    <subfield code="g">3045.00</subfield>
    <subfield code="l">0</subfield>
    <subfield code="o">524.834(082.1)/ REL</subfield>
    <subfield code="p">13141</subfield>
    <subfield code="r">2021-11-05</subfield>
    <subfield code="v">3045.00</subfield>
    <subfield code="w">1997-09-12</subfield>
    <subfield code="y">BK</subfield>
    <subfield code="G">Rs. 3045.00</subfield>
  </datafield>
</record>
